Times-Chambers quick reference dictionary of phrasal verbs

Bibliographic Details
Main Authors: Cullen, Kay (Author), Sargeant, Howard (Author)
Format: Book
Language:English
Published: Singapore : Times Private Limited 1996
Subjects:

MARC

LEADER 00000cam a2200000 7i4500
001 0000012216
005 20241018.0
008 030903 si eng
020 |a 9810123930 (pbk) 
040 |a INS   |b eng   |e rda 
090 0 0 |a RPE1319   |b .C85 1996 
100 1 |a Cullen, Kay ,   |e author 
245 1 0 |a Times-Chambers quick reference dictionary of phrasal verbs   |c compiled by Kay Cullen, Howard Sargeant 
246 3 0 |a Quick reference dictionary of phrasal verbs 
246 3 0 |a Quick reference dictionary of phrasal verbs   |b over 3000 phrasal verbs used in current English clear and concise information 
264 1 |a Singapore :   |b Times Private Limited   |c 1996 
300 |a xi, 436 pages ;   |c 20cm. 
336 |a text  |2 rdacontent 
337 |a unmediated  |2 rdamedia 
338 |a volume  |2 rdacarrier 
650 0 0 |a Englishlanguageverbdictionaries   |x englishlanguageverbphrase   |y englishlanguagidiomsdictionaries 
700 1 |a Sargeant, Howard ,   |e author 
999 |a 0000011851   |b BOOK   |c Red Spot   |e Default branch